000 00546nam a2200193Ia 4500
003 GCL
008 140319s9999 xx 000 0 eng d
020 _a7508508874
040 _aGCL /
_cGCL
082 0 4 _a895.1
_bY S
100 1 _aYUANCHONG, XU
245 1 0 _aSELECTIONS FROM THE BOOK OF POETRY /
_cYUANCHONG, XU
260 _aالصين :
_bCHINESE LITERATURE PRESS ،
_c2005
300 _a24 CM ؛
_c195 P
490 _aCHINESE TRADITIONAL CULTURE SERIES
_v0
650 0 4 _aCHINA - POETRY
650 0 4 _aCHINESE LITERATURE
942 _2ddc
_cBK
999 _c9094
_d9094